Представление документа в формате MARC21

ПолеНазваниеЗначение
  Тип записи a
  Библиографический уровень m
001 Контрольный номер RU\infra-m\znanium\bibl\2228322
005 Дата корректировки 20260429142110.2
008 Кодируемые данные 251002s2025 RU g rus u
020 Индекс ISBN __
a ISBN 978-5-00209-190-4
040 Источник каталогиз. __
a Служба первич. каталог. Общество с ограниченной ответственностью «ЗНАНИУМ»
041 Код языка издания __
a Код языка текста rus
044 Код страны публикации __
a Код страны публикации RU
080 Индекс УДК __
a Индекс УДК 340
084 Индекс другой классификации/Индекс ББК __
2 Источник индекса rubbk
a Индекс другой классификации/Индекс ББК 81
084 Индекс другой классификации/Индекс ББК __
2 Источник индекса okso
a Индекс другой классификации/Индекс ББК 40.03.01
084 Индекс другой классификации/Индекс ББК __
2 Источник индекса okso
a Индекс другой классификации/Индекс ББК 40.04.01
084 Индекс другой классификации/Индекс ББК __
2 Источник индекса okso
a Индекс другой классификации/Индекс ББК 40.05.02
084 Индекс другой классификации/Индекс ББК __
2 Источник индекса okso
a Индекс другой классификации/Индекс ББК 40.05.03
084 Индекс другой классификации/Индекс ББК __
2 Источник индекса okso
a Индекс другой классификации/Индекс ББК 40.05.04
100 Автор __
a Автор Брадецкая И.Г.
q Полное имя Брадецкая Ирина Геннадьевна
u Дополнение Российский государственный университет правосудия г. Москва им. В.М. Лебедева
245 Заглавие __
a Заглавие Юридическая лингвистика
b Продолж. заглавия Учебное пособие
c Ответственность Российский государственный университет правосудия г. Москва им. В.М. Лебедева
250 Сведения об издании __
a Основные сведения об издании 2
260 Выходные данные __
a Место издания Москва
b Издательство Российский государственный университет правосудия
c Дата издания 2025
300 Физическое описание __
a Объем 120 с.
520 Аннотация __
a Аннотация В пособии рассматриваются актуальные теоретические положения юрислингвистики предложены материалы для практической работы и самоконтроля. Учебное пособие рассчитано на обучающихся по программам специалитета бакалавриата и магистратуры всех профилей юридического вуза может быть полезно юристам работникам аппарата судов преподавателям лингвистических дисциплин.
521 Примеч. о цел. назн. __
a Примеч. о целев. назн. ВО - Бакалавриат
650 Тематические рубрики __
a Основная рубрика Право. Юридические науки
x Основная подрубрика Логика и риторика для юристов
655 Указ. предметных рубрик (устаревшее) __
a Жанр/ форма (устаревшее) Учебное пособие
700 Другие авторы __
a Другие авторы Фысина У.Н.
q Полное имя Фысина Ульяна Николаевна
u Дополнение Российский государственный университет правосудия г. Москва им. В.М. Лебедева
856 Электронный адрес документа 4_
a Имя сервера/домена znanium.ru
m Помощь ebs_support@infra-m.ru
n Местонахождение сервера НИЦ ИНФРА-М
u URL https://znanium.ru/catalog/document?id=470832
856 Электронный адрес документа 48
a Имя сервера/домена znanium.ru
d Путь /cover/2228
f Электронное имя 2228322.jpg
q Тип электронного формата image/jpeg
u URL https://znanium.ru/cover/2228/2228322.jpg
911 __
u 0030=https://znanium.ru/catalog/document?id=470832